| 000 | 07611nam a22005417a 4500 | ||
|---|---|---|---|
| 005 | 20110322162733.0 | ||
| 010 | _aHIN-89319-321 B-411885-905 | ||
| 020 |
_a9789350002285 _c500.00 (प्रति भाग) |
||
| 035 | _aHN-61665-667 | ||
| 035 | _aB-411885-905 | ||
| 037 | _bDBAD /PUB | ||
| 082 | _a841 | ||
| 245 |
_aगागर में सागर/ _cराजेश शर्मा द्वारा संग्रहित एवं सम्पादित |
||
| 246 |
_aGaagar Mein Saagar/ _bed by Rajesh Sharma |
||
| 260 |
_aनई दिल्ली _bवाणी प्रकाशन _c2010 |
||
| 270 |
_a4695, 21-ए, दरियागंज _bनई दिल्ली _e110002 |
||
| 300 |
_a3 भा. (350पृ;390पृ;541पृ) _c25सेमी (सजिल्द) |
||
| 500 | _a3 भागों में प्रकाशित । मूल्य रू.500.00 (प्रति भाग) | ||
| 500 | _a(Roman & Hindi script with English translation) | ||
| 505 | _aभाग 1- A collection of most quotable Urdu couplets; -2 A collection of simplest and most potent Urdu ghazals;भाग-3 A treasure trove of Urdu couplets | ||
| 700 |
_aशर्मा, राजेश _920822 |
||
| 942 |
_2ddc _cHN _h841 _mशर्मारा |
||
| 999 |
_c36138 _d36138 |
||